[Event "Port of Spain Knights op"]
[Site "Port of Spain"]
[Date "2015.04.16"]
[Round "1"]
[White "Harper, Ryan"]
[Black "Martin, Mikel"]
[Result "1-0"]
[WhiteElo "2246"]
[BlackElo "1689"]
[PlyCount "33"]
[EventDate "2015.04.16"]
[EventType "swiss"]
[EventRounds "7"]
[EventCountry "TRI"]
[SourceTitle "EXT 2016"]
[Source "ChessBase"]
[SourceDate "2015.10.08"]
[SourceVersion "1"]
[SourceVersionDate "2015.10.08"]
[SourceQuality "1"]

1. e4 d6 2. d4 Nf6 3. Nc3 g6 4. h3 Bg7 5. Nf3 0-0 6. Bf4 Nc6 7. Bh2 Nd7 8. Bb5 a6 9. Ba4 Nb6 10. Bb3 Na5 11. Qe2 Nxb3 12. axb3 c6 13. 0-0 Nd7 14. Rfd1 b6 15. e5 d5 16. e6 Nf6 17. Ng5 1-0

[Event "Port of Spain op"]
[Site "Port of Spain"]
[Date "2014.05.29"]
[Round "5"]
[White "Martin, Mikel"]
[Black "James, Kevin"]
[Result "1/2-1/2"]
[WhiteElo "1624"]
[BlackElo "1878"]
[PlyCount "110"]
[EventDate "2014.05.01"]
[EventType "swiss"]
[EventRounds "7"]
[EventCountry "TRI"]
[SourceTitle "EXT 2015"]
[Source "ChessBase"]
[SourceDate "2014.11.20"]
[SourceVersion "1"]
[SourceVersionDate "2014.11.20"]
[SourceQuality "1"]

1. d4 d5 2. Nf3 Nf6 3. c4 e6 4. Nc3 c6 5. Bg5 Be7 6. e3 Nbd7 7. Bd3 0-0 8. 0-0 Qc7 9. Qc2 h6 10. Bh4 dxc4 11. Bxc4 e5 12. Bg3 Bd6 13. dxe5 Nxe5 14. Nxe5 Bxe5 15. Bxe5 Qxe5 16. h3 Qg5 17. Kh1 Qh4 18. Be2 g5 19. Rad1 g4 20. Rd4 c5 21. Rf4 Nh5 22. Rc4 Be6 23. Ra4 c4 24. Qe4 Nf6 25. Qf4 Rfc8 26. Bxc4 Rxc4 27. Rxc4 Qh5 28. Ne4 Nxe4 29. Rxe4 gxh3 30. Qg3+ Kh7 31. Rh4 hxg2+ 32. Kxg2 Qf5 33. Rxh6+ Kxh6 34. Rh1+ Qh5 35. Rxh5+ Kxh5 36. Qe5+ Kh6 37. Qf6+ Kh7 38. f4 Rg8+ 39. Kf2 Bxa2 40. f5 Rg4 41. Kf3 Rg1 42. Qh4+ Kg8 43. f6 a6 44. e4 Be6 45. Qh2 Rf1+ 46. Kg2 Rxf6 47. Qb8+ Kg7 48. Qxb7 Rh6 49. Kf2 Rf6+ 50. Ke3 Bc4 51. Qb4 Bb5 52. Qc3 Kg6 53. Qc2 Re6 54. Qg2+ Kf6 55. Qf2+ Ke7 1/2-1/2